书目信息 |
| 000 | 00381nam0 2200157 450 | |
| 001 | 0741144344 | |
| 005 | 20070817112544.34 | |
| 100 | @a20070817d km y0chiy0120 ea | |
| 101 | 0 | @achi |
| 200 | 1 | @a雾灵山植物名录@Awu ling shan zhi wu ming lu |
| 210 | @d1985 | |
| 215 | @a49@d26cm | |
| 606 | 0 | @a生物学:分类学 |
| 690 | @aQ19@v3 | |
| 801 | 0 | @aCN@bPFT@c20070817 |
| 905 | @a213230@dQ19@en2@f1 | |
| 雾灵山植物名录.-1985 |
| 49;26cm |
| ISBN : |
| ● |
| 相关链接 |
|
|
|
|
正题名:雾灵山植物名录
索取号:Q19/n2
 
预约/预借
| 序号 | 登录号 | 条形码 | 馆藏地/架位号 | 状态 | 备注 |
| 1 | 6600095 | 266000953 | 密集书库-生命科学系/ [索取号:Q19/n2] | 在馆 |